| 000 | 01336cam a2200277 a 4500 | ||
|---|---|---|---|
| 001 | 16507658 | ||
| 003 | PILC | ||
| 005 | 20150514121257.0 | ||
| 008 | 101019m20079999ph a 001 0 eng | ||
| 010 | _a 2009316274 | ||
| 040 |
_aDLC _cDLC _dDLC |
||
| 042 |
_alcode _apcc |
||
| 043 | _aa-ph--- | ||
| 050 | 0 | 0 |
_aDS 686.614 _b.R356 2012 |
| 100 | 1 |
_aRamos, Fidel V., _d1928- |
|
| 245 | 1 | 0 |
_aBulletin of FVR "sermons" : _cFidel V. Ramos. _bwinning peace and development / |
| 246 | 3 | _aBulletin of Fidel V. Ramos sermons | |
| 260 |
_a[Manila, Philippines] : _bRamos Peace and Development Foundation and the Manila Bulletin, _c2012. |
||
| 300 |
_ax, 244 pages : _bcolor illustrations ; _c23 cm. |
||
| 500 | _aIncludes index. | ||
| 505 | 1 | _a[v. 1] Raising the national spirit, selected articles from the Sunday column of former President Fidel V. Ramos in the Manila Bulletin -- v. 2. Selected writings in the Manila Bulletin Sunday column of former President Fidel V. Ramos -- v. 3. Unity, solidarity, teamwork, selected articles from the Sunday columns of X-President Fidel V. Ramos in the Manila Bulletin | |
| 651 | 0 |
_aPhilippines _xPolitics and government _y1986- |
|
| 906 |
_a7 _bcbc _corigode _d2 _encip _f20 _gy-gencatlg |
||
| 942 |
_2lcc _cBK _kFIL |
||
| 999 |
_c283984 _d283984 |
||